000 00891cam a2200277 i 4500
001 2216603
003 ARRUPE
005 20150828115852.0
008 760813s1976 ncu b 001 0 eng
010 _a 75023941
020 _a0822303477 :
_c$7.95
040 _aDLC
_cDLC
_dDLC
050 0 0 _aBL65.L2
_bM26
082 0 0 _a200/.1/4
100 2 _aMac Cormac, Earl R.
_919203
245 1 0 _aMetaphor and myth in science and religion /
_cEarl R. MacCormac.
260 _aDurham, N.C. :
_bDuke University Press,
_c1976.
300 _axviii, 167 p. ;
_c23 cm.
504 _aIncludes bibliographical references and indexes.
650 0 _aLanguage and languages
_xReligious aspects.
_911139
650 0 _aScience
_xLanguage.
_917808
650 0 _aMetaphor.
_911427
650 0 _aReligion and science.
_919204
906 _a7
_bcbc
_corignew
_d2
_eocip
_f19
_gy-gencatlg
942 _2lcc
_cMONOGRAPH
999 _c123200
_d123200